000 00456nam a2200181Ia 4500
005 20250923144801.0
008 008 250917s9999 xx 000 0 eng d
037 _aTextual
040 _aDSWL
_beng
_cDSWL
041 _aeng
_2eng
084 _qDSWL
100 _aSharma, R.R.P.
_9828396
245 4 _aThe Sherdukpens
_cby R.R.P. Sharma
260 _aShillong
_c1961
300 _a101p.
942 _cTEXL
999 _c1443296
_d1443296